Nadčasový produkt jak vytvořit a propagovat dílo trvalé hodnoty

Na minha lista:
Detalhes bibliográficos
Autor principal: Holiday, Ryan
Formato: Livro
Idioma:tcheco
Publicado em: Praha Audiolibrix 2021
Edição:1. vydání
Assuntos:
Tags: Adicionar Tag
Sem tags, seja o primeiro a adicionar uma tag!

MARC

LEADER 00000nam a2200000 4500
001 0292806
005 20240416114208.6
020 |a 978-80-907987-8-6 
041 0 |a cze 
044 |a CZ 
245 1 0 |a Nadčasový produkt  |b jak vytvořit a propagovat dílo trvalé hodnoty  |c Ryan Holiday 
250 |a 1. vydání 
264 1 |a Praha  |b Audiolibrix  |c 2021 
300 |a 226 s. 
610 2 0 |a produkty 
610 2 0 |a marketing 
610 2 0 |a stratégia marketingová 
610 2 0 |a propagácia 
610 2 0 |a reklama 
610 2 0 |a značky výrobkov 
100 1 |a Holiday, Ryan